Biologie animale - Les Cordés : Anatomie comparée des vertébrés (notice n° 2155730)
[ vue normale ]
| 000 -LEADER | |
|---|---|
| fixed length control field | 00722cam a2200157 4500500 |
| 005 - DATE AND TIME OF LATEST TRANSACTION | |
| control field | 20260405032553.0 |
| 041 ## - LANGUAGE CODE | |
| Language code of text/sound track or separate title | fre |
| 042 ## - AUTHENTICATION CODE | |
| Authentication code | dc |
| 100 10 - MAIN ENTRY--PERSONAL NAME | |
| Personal name | Beaumont, André |
| Relator term | author |
| 245 00 - TITLE STATEMENT | |
| Title | Biologie animale - Les Cordés : Anatomie comparée des vertébrés |
| 260 ## - PUBLICATION, DISTRIBUTION, ETC. | |
| Name of publisher, distributor, etc. | Dunod,<br/> |
| Date of publication, distribution, etc. | 2009.<br/> |
| 520 ## - SUMMARY, ETC. | |
| Summary, etc. | Autres ouvrages: Morot-Gaudry: Biologie végétale : Croissance et développement. 9782100519972 Morot-Gaudry: Biologie végétale : Nutrition et métabolisme. 9782100519446 Beaumont/Cassier: Les Cordés 9/e. 9782100516582 |
| 700 10 - ADDED ENTRY--PERSONAL NAME | |
| Personal name | Cassier, Pierre |
| Relator term | author |
| 700 10 - ADDED ENTRY--PERSONAL NAME | |
| Personal name | Richard, Daniel |
| Relator term | author |
| 856 41 - ELECTRONIC LOCATION AND ACCESS | |
| Uniform Resource Identifier | <a href="https://stm.cairn.info/biologie-animale--9782100516582?lang=fr&redirect-ssocas=7080">https://stm.cairn.info/biologie-animale--9782100516582?lang=fr&redirect-ssocas=7080</a> |
Pas d'exemplaire disponible.




Réseaux sociaux